[Event "Stuttgart-chB int"]
[Site "Gerlingen"]
[Date "2011.06.04"]
[Round "6"]
[White "Divkovic, Mario"]
[Black "Zeitler, Waldemar"]
[Result "1/2-1/2"]
[WhiteElo "1378"]
[BlackElo "1585"]
[PlyCount "131"]
[EventDate "2011.06.02"]
[EventType "swiss"]
[EventRounds "7"]
[EventCountry "GER"]
[SourceTitle "EXT 2018"]
[Source "ChessBase"]
[SourceDate "2017.10.13"]
[SourceVersion "1"]
[SourceVersionDate "2017.10.13"]
[SourceQuality "1"]

1. d4 d5 2. Nf3 e6 3. c4 c6 4. cxd5 exd5 5. Nc3 Nf6 6. Bg5 Be7 7. e3 Be6 8. Qb3 Qb6 9. Qc2 Nbd7 10. Bd3 h6 11. Bh4 Bd6 12. 0-0 g5 13. Bg3 Qc7 14. Bxd6 Qxd6 15. Bf5 Bxf5 16. Qxf5 Qe6 17. Qxe6+ fxe6 18. Rfe1 Ne4 19. Nxe4 dxe4 20. Nd2 Nf6 21. Nc4 0-0 22. Nd6 Rab8 23. Rac1 Nd5 24. Nxe4 Nb4 25. Rc4 Nd5 26. Nc5 Rfe8 27. Ra4 a6 28. e4 Nf4 29. g3 Ng6 30. Rb4 a5 31. Rxb7 Rxb7 32. Nxb7 Rb8 33. Nxa5 Rxb2 34. Rd1 Rxa2 35. Nxc6 Ra6 36. Nb4 Rd6 37. d5 e5 38. Nc6 h5 39. Rb1 h4 40. Rb7 h3 41. Kf1 Kf8 42. Ke2 g4 43. Kd3 Rf6 44. Ke3 Rf3+ 45. Ke2 Ra3 46. Rb1 Ra2+ 47. Ke1 Kf7 48. Nd8+ Ke8 49. Ne6 Ra4 50. Ng5 Nf8 51. Rd1 Nd7 52. f3 gxf3 53. Nxf3 Rxe4+ 54. Kf2 Ra4 55. Ng5 Ra2+ 56. Kg1 Nf6 57. Nxh3 Ng4 58. Ng5 Rxh2 59. Re1 Rh5 60. Nf3 Kd7 61. Re4 Nf6 62. Rxe5 Rxe5 63. Nxe5+ Kd6 64. Nf3 Kxd5 65. Kh2 Ke4 66. Nh4 1/2-1/2